TEXTBOOK OF MEDICAL CHEMISTRY (Record no. 8140)
[ view plain ]
| 000 -LEADER | |
|---|---|
| fixed length control field | 00374nam a22001697a 4500 |
| 003 - CONTROL NUMBER IDENTIFIER | |
| control field | SGT |
| 020 ## - INTERNATIONAL STANDARD BOOK NUMBER | |
| International Standard Book Number | 978-81-312-3321-4 |
| 082 ## - DEWEY DECIMAL CLASSIFICATION NUMBER | |
| Classification number | 615.19,M14A |
| 100 ## - MAIN ENTRY--PERSONAL NAME | |
| Personal name | ALAGARSAMY,V |
| 245 ## - TITLE STATEMENT | |
| Title | TEXTBOOK OF MEDICAL CHEMISTRY |
| 250 ## - EDITION STATEMENT | |
| Edition statement | 2ND |
| 260 ## - PUBLICATION, DISTRIBUTION, ETC. (IMPRINT) | |
| Place of publication, distribution, etc | DELHI |
| Name of publisher, distributor, etc | ELSEVIER |
| Year of Publication | 2014 |
| 300 ## - PAGE DESCRIPTION | |
| No. of Pages | 614 |
| 650 ## - SUBJECT ADDED ENTRY--TOPICAL TERM | |
| Topical term or geographic name as entry element | CHEMISTRY |
| 653 ## - KEYWORDS--INDEX TERM | |
| Keyword term | MEDICINAL CHEMISTRY |
| 942 ## - ADDED ENTRY ELEMENTS (KOHA) | |
| Source of classification or shelving scheme | Dewey Decimal Classification |
| Koha item type | Books |
| 942 ## - ADDED ENTRY ELEMENTS (KOHA) | |
| -- | 38 |
| Withdrawn status | Lost status | Source of classification or shelving scheme | Damaged status | Not for loan | Collection code | Home library | Current library | Shelving location | Date acquired | Vendor Name | Cost, normal purchase price | SGTU | Bill Number | Total Checkouts | Full call number | Accession No. (Barcode) | Date last seen | Date last borrowed | Bill Date | Koha item type |
|---|---|---|---|---|---|---|---|---|---|---|---|---|---|---|---|---|---|---|---|---|
| Dewey Decimal Classification | PHARMACY | SGT FA-FP Library | SGT FA-FP Library | Text Book | 10/12/2015 | AHUJA BOOK COMPANY | 425.00 | SGTU | 6162 | 16 | 615.19,M14A | FP1519 | 02/09/2025 | 02/09/2025 | 06/10/2015 | Books | ||||
| Dewey Decimal Classification | PHARMACY | SGT FA-FP Library | SGT FA-FP Library | Text Book | 10/12/2015 | AHUJA BOOK COMPANY | 425.00 | SGTU | 6162 | 40 | 615.19,M14A | FP1520 | 06/05/2023 | 04/05/2023 | 06/10/2015 | Books | ||||
| Dewey Decimal Classification | PHARMACY | SGT FA-FP Library | SGT FA-FP Library | Text Book | 10/12/2015 | AHUJA BOOK COMPANY | 425.00 | SGTU | 6162 | 28 | 615.19,M14A | FP1521 | 10/02/2025 | 06/12/2024 | 06/10/2015 | Books | ||||
| Dewey Decimal Classification | PHARMACY | SGT FA-FP Library | SGT FA-FP Library | Reference Book | 10/12/2015 | AHUJA BOOK COMPANY | 425.00 | SGTU | 6162 | 5 | 615.19,M14A | FP1522 | 09/02/2018 | 09/02/2018 | 06/10/2015 | Books | ||||
| Dewey Decimal Classification | PHARMACY | SGT FA-FP Library | SGT FA-FP Library | Text Book | 10/12/2015 | AHUJA BOOK COMPANY | 425.00 | SGTU | 6162 | 28 | 615.19,M14A | FP1523 | 21/04/2023 | 19/04/2023 | 06/10/2015 | Books |